Del amor y otros demonios /
El libro tiene un tema central muy importante y que se desarrolla en varios personajes, y es el tema de los amores frustrados, los amores imposibles
| Egile nagusia: | |
|---|---|
| Formatua: | Kit |
| Hizkuntza: | Spanish |
| Argitaratua: |
Bogotá:
Penguin Random House Grupo Editorial,
2016.
©1994 |
| Edizioa: | Primera edición / |
| Saila: | Contemporánea
|
| Gaiak: |
MARC
| LEADER | 00000cac a2200000 i 4500 | ||
|---|---|---|---|
| 003 | Ucuenca | ||
| 005 | 20231005220011.0 | ||
| 006 | a||||gr|||| 001 | | ||
| 007 | ta | ||
| 008 | 170621b20161994co gr|||| 001 | spa a | ||
| 020 | |a 978-958-8886-14-5 | ||
| 040 | |b spa |a UCuenca-cdrjbv |c UCuenca |e rda | ||
| 041 | 0 | |a spa | |
| 082 | 0 | |2 22 |a E 863 |c 253824 | |
| 100 | 1 | |a García Márquez, Gabriel. |d 1927-2014 |9 240079 |e autor | |
| 245 | 1 | 4 | |a Del amor y otros demonios / |c Gabriel García Márquez. |
| 250 | |a Primera edición / |b cuarta reimpresión. | ||
| 264 | 1 | |a Bogotá: |b Penguin Random House Grupo Editorial, |c 2016. | |
| 264 | 1 | |c ©1994 | |
| 300 | |a 168 páginas: |c 18 cm | ||
| 336 | |2 rdacontent |a texto |b txt | ||
| 337 | |2 rdamedia |a no mediado |b n | ||
| 338 | |2 rdacarrier |a volumen |b nc | ||
| 490 | 0 | |a Contemporánea | |
| 520 | 3 | |a El libro tiene un tema central muy importante y que se desarrolla en varios personajes, y es el tema de los amores frustrados, los amores imposibles | |
| 650 | 1 | 7 | |9 5210 |a Novela colombiana |
| 650 | 1 | 7 | |9 434 |a Literatura colombiana |
| 942 | |c CR |2 ddc |r bladimir.cabrerar@ucuenca.edu.ec |0 1 | ||
| 999 | |c 151463 |d 151463 | ||